Tự học thổi sáo trong 30 ngày : Hướng dẫn cho các bạn chưa biết nhạc cũng thổi được

Bewaard in:
Bibliografische gegevens
Hoofdauteur: Tô, Kiều Ngân
Formaat: Boek
Taal:Undetermined
Gepubliceerd in: Hà Nội Âm Nhạc 2002
Onderwerpen:
Tags: Voeg label toe
Geen labels, Wees de eerste die dit record labelt!
Thư viện lưu trữ: Trung tâm Học liệu Trường Đại học Cần Thơ
LEADER 00663nam a2200217Ia 4500
001 CTU_92992
008 210402s9999 xx 000 0 und d
020 |c 20.000 
082 |a 788.51 
082 |b Ng121 
100 |a Tô, Kiều Ngân 
245 0 |a Tự học thổi sáo trong 30 ngày : 
245 0 |b Hướng dẫn cho các bạn chưa biết nhạc cũng thổi được 
245 0 |c Tô Kiều Ngân 
260 |a Hà Nội 
260 |b Âm Nhạc 
260 |c 2002 
650 |a Flute 
650 |x Studies and exercises 
904 |i Tuyến, QHieu 
980 |a Trung tâm Học liệu Trường Đại học Cần Thơ